Iberoamérica ante la crisis global = Iberoamérica diante da crise global / (Registro nro. 13143)

Detalles MARC
000 -CABECERA
campo de control de longitud fija 01742nam a22003497a 4500
003 - IDENTIFICADOR DEL NÚMERO DE CONTROL
campo de control DO-SdBPM
005 - FECHA Y HORA DE LA ÚLTIMA TRANSACCIÓN
campo de control 20250709132420.0
007 - CAMPO FIJO DE DESCRIPCIÓN FÍSICA--INFORMACIÓN GENERAL
campo de control de longitud fija ta
008 - DATOS DE LONGITUD FIJA--INFORMACIÓN GENERAL
campo de control de longitud fija 161031b 2002 sp 00| 0 spa d
040 ## - FUENTE DE LA CATALOGACIÓN
Centro catalogador/agencia de origen DO-SdBPM
Lengua de catalogación spa
Centro/agencia transcriptor BPMSU
Normas de descripción rda
082 #4 - NÚMERO DE LA CLASIFICACIÓN DECIMAL DEWEY
Número de clasificación 337.18
Número de documento/Ítem C969i 2002
Número de edición 22
111 2# - ENTRADA PRINCIPAL--NOMBRE DE CONGRESO/REUNIÓN
Nombre de congreso/reunión o jurisdicción como elemento de entrada Cumbre Iberoamericana de Jefes de Estado y de Gobierno
Número del congreso/reunión o número de parte o sección (XII :
Fecha del congreso/reunión 2002 : 15-16 noviembre )
Sede del congreso/Lugar de la reunión República Dominicana
245 00 - MENCIÓN DE TÍTULO
Título Iberoamérica ante la crisis global = Iberoamérica diante da crise global /
Mención de responsabilidad, etc. prólogo Hipólito Mejía ; edición Alicia Fraerman
264 ## - PRODUCCIÓN, PUBLICACIÓN, DISTRIBUCIÓN, FABRICACIÓN Y COPYRIGHT
Producción, publicación, distribución, fabricación y copyright Madrid :
Nombre del de productor, editor, distribuidor, fabricante Editorial Comunica,
Fecha de producción, publicación, distribución, fabricación o copyright 2002.
300 ## - DESCRIPCIÓN FÍSICA
Extensión 261 páginas :
Dimensiones 31 cm.
336 ## - TIPO DE CONTENIDO
Término de tipo de contenido texto
Código de tipo de contenido txt
Fuente rdacontent
337 ## - TIPO DE MEDIO
Nombre/término del tipo de medio sin mediación
Código del tipo de medio n
Fuente rdamedia
338 ## - TIPO DE SOPORTE
Nombre/término del tipo de soporte volumen
Código del tipo de soporte nc
Fuente rdacarrier
490 0# - MENCIÓN DE SERIE
Mención de serie Documentos
505 ## - NOTA DE CONTENIDO CON FORMATO
Nota de contenido con formato Iberoamérica: realidades y desafíos de la alianza Interaltántica. --<br/>La gobernanza de la globalización. --<br/>Los desafíos de la democracia Iberoamericana. --<br/>Comercio, cooperación y desarrollo sostenible. --<br/>La construcción de la comunidad Iberoamericana. --<br/>Antecedentes y reuniones preparatorias. --<br/>Programa de cooperación de la conferencia Iberoamericana. --<br/>Declaraciones finales de las cumbres precedentes.
590 ## - NOTA LOCAL (RLIN)
Nota local Inventariado, 2025/VM
611 20 - PUNTO DE ACCESO ADICIONAL DE MATERIA--NOMBRE DE REUNIÓN/CONGRESO
Nombre de congreso/reunión o jurisdicción como elemento de entrada Cumbre Iberoamericana de Jefes de Estado y Gobierno.
650 #7 - PUNTO DE ACCESO ADICIONAL DE MATERIA--TÉRMINO DE MATERIA
Término de materia o nombre geográfico como elemento de entrada Jefes de Estado
Subdivisión geográfica América Latina
Subdivisión de forma Congresos, conferencias, etc.
Subdivisión general
650 #7 - PUNTO DE ACCESO ADICIONAL DE MATERIA--TÉRMINO DE MATERIA
Término de materia o nombre geográfico como elemento de entrada Cooperación internacional
Subdivisión geográfica América Latina
651 #7 - PUNTO DE ACCESO ADICIONAL DE MATERIA--NOMBRE GEOGRÁFICO
Nombre geográfico
Subdivisión general
700 1# - PUNTO DE ACCESO ADICIONAL--NOMBRE DE PERSONA
Nombre de persona Mejía, Hipólito
Término indicativo de función/relación prólogo
700 1# - PUNTO DE ACCESO ADICIONAL--NOMBRE DE PERSONA
Nombre de persona Fraerman, Alicia
Término indicativo de función/relación edición
740 02 - PUNTO DE ACCESO ADICIONAL--TÍTULO RELACIONADO O ANALÍTICO NO CONTROLADO
Título relacionado o analítico no controlado Iberoamérica diante da crise global.
830 #0 - PUNTO DE ACCESO ADICIONAL DE SERIE-TÍTULO UNIFORME
Título uniforme Documentos
910 ## - DATOS DE OPCIÓN DEL USUARIO (OCLC)
Datos de opción del usuario VMateo V. Control de calidad. BPMSUb
942 ## - ELEMENTOS DE PUNTO DE ACCESO ADICIONAL (KOHA)
Fuente del sistema de clasificación o colocación Dewey Decimal Classification
Tipo de ítem Koha Libros
Existencias
Estado de retiro Estado de pérdida Fuente del sistema de clasificación o colocación No para préstamo Código de colección Localización permanente Ubicación/localización actual Fecha de adquisición Fuente de adquisición Total de préstamos Signatura topográfica completa Código de barras Fecha visto por última vez Precio válido a partir de Tipo de ítem Koha
    Dewey Decimal Classification   Colección General Biblioteca Pública Metropolitana Salomé Ureña Biblioteca Pública Metropolitana Salomé Ureña 11/27/2017 FUNDI   BPMSU CD 337.18 C969i 2002 BPMSU17110471 11/27/2017 11/27/2017 Libros